000 00627nam a2200241Ia 4500
003 OSt
005 20221007073034.0
006 a|||||r|||| 00| 0
007 ta
008 221006b |||||||| |||| 00| 0 eng d
020 _a0295952407
024 _a18,486
037 _cTextual
040 _aFLL
_cFLL
_beng
041 _2eng
_aeng
082 _aZ1,215, L2
100 _aWenk Edward
_9691810
245 0 _aPolitics of the ocean
260 _aLondon
_bUniversity of Washington Press England
_c1972
300 _a590p
_ccm.
942 _hZ1,215, L2
_cTEXL
_2CC
999 _c1147556
_d1147556